| 000 | 02119cam a2200397 a 4500 | ||
|---|---|---|---|
| 001 | 15190526 | ||
| 005 | 20090408122249.0 | ||
| 008 | 080222s2009 enkabe b 001 0 eng | ||
| 010 | _a 2008007500 | ||
| 020 | _a9780415249843 (pbk. : alk. paper) | ||
| 020 | _a9780203892343 (ebook) | ||
| 035 | _a(OCoLC)ocn213133272 | ||
| 035 | _a(OCoLC)213133272 | ||
| 040 |
_aDLC _cDLC _dBAKER _dBTCTA _dOCLCG _dBWKUK _dBWK _dYDXCP _dBWX _dCDX _dDLC |
||
| 043 | _ae-uk--- | ||
| 050 | 0 | 0 |
_aDA655 _b.P46 2009 |
| 050 | 0 | 0 |
_aNA105 _b.P46 2009 |
| 082 | 0 | 0 |
_a363.690941 _222 _bPEN |
| 100 | 1 |
_aPendlebury, John R., _d1963- _94013 |
|
| 245 | 1 | 0 |
_aConservation in the age of consensus / _cJohn Pendlebury. |
| 260 |
_aLondon ; _aNew York : _bRoutledge, _c2009. |
||
| 300 |
_axiv, 249 p. : _bill., maps, plans ; _c24 cm. |
||
| 500 | _aIncludes index | ||
| 504 | _aIncludes bibliographical references (p. 225-241) and index. | ||
| 505 | 0 | _aConservation, culture and planning -- Modern conservation -- Policies and plans : the development of state intervention -- The 1970s : shifting ground -- Conservation, conservatives and consensus -- The commodification of heritage -- Conservation and the community -- World heritage -- Postmodern conservation -- Conservation reformed -- Conservation and the challenge of consensus. | |
| 650 | 0 |
_aHistoric preservation _zGreat Britain _xPlanning. _94014 |
|
| 650 | 0 |
_aHistoric preservation _xSocial aspects _zGreat Britain. _94015 |
|
| 650 | 0 |
_aConsensus (Social sciences) _zGreat Britain. _94016 |
|
| 650 | 0 |
_aHistoric sites _xConservation and restoration _zGreat Britain. _94017 |
|
| 650 | 0 |
_aHistoric buildings _xConservation and restoration _zGreat Britain. _94018 |
|
| 650 | 0 |
_aCultural property _xProtection _zGreat Britain. _94019 |
|
| 651 | 0 |
_aGreat Britain _xCultural policy. _94020 |
|
| 942 |
_2ddc _cBB |
||
| 999 |
_c11374 _d11374 |
||